| 000 | 01139nam0a22002651 4500 | ||
|---|---|---|---|
| 001 | rc\3768514 | ||
| 005 | 20120127163647.6 | ||
| 021 |
_aRU _bРг11888-75 |
||
| 021 |
_aRU _b75-63984 |
||
| 035 | _a(NLR Aleph) 007219153 | ||
| 090 |
_a7692048 _c7692048 |
||
| 100 | _a20120127d1975 |||y0rusy50 ca | ||
| 101 | 0 | _arus | |
| 102 | _aRU | ||
| 105 | _ay z ||||| | ||
| 200 | 1 |
_aОсновные проблемы развития и размещения производительных сил Подолья _e(Доп. к тезисам III Респ. науч. конф. по проблемам развития и размещения производ. сил и охраны природы Подполья) _fАН УССР. Совет по изучению производ. сил УССР |
|
| 210 |
_aКиев _cБ. и. _d1975 |
||
| 215 |
_a21 с. _d20 |
||
| 300 | _aПеред загл. авт.: А.Н. Алымов, акад. АН УССР | ||
| 700 | 1 |
_aАлымов _bА. Н. _gАлександр Николаевич |
|
| 801 | 0 |
_aRU _bNLR _gpsbo |
|
| 801 | 1 |
_aRU _bELAR _2rusmarc |
|
| 852 |
_aNLR _j75-4/13117 |
||
| 942 | _cBOOK | ||
| 980 | _aNB | ||